000 00574nam a22001937a 4500
003 KOHA_MİRAKIL
005 20240930101026.0
008 240929b2021 tu ||||| |||| 00| 0 tur d
020 _a9786054274901
040 _aTR-AnABB
_btur
_cTR-AnABB
041 _atur
082 _a152.41
_bDUR 2021
100 _aDurna, Tezcan.
245 0 _aAşkın halleri :
_başk üzerine disiplinlerarası bir inceleme /
_cTezcan Durna, Nehir Durna.
260 _aİstanbul :
_bPegasus Yayınları,
_c2021.
300 _a407 sayfa ;
_c21 cm.
650 _aPsikoloji, Aşk
942 _2ddc
_cBK
999 _c2624
_d2624